000 00806cab a2200229 4500
001 WB3133-20
008 090401t1995 xxu||||| |||| 00| 0 eng d
035 _a(Sirsi) u61103
041 _aeng
245 _aProperty deals must be more flexible
260 _c1995
350 _a0
490 _aWestern Mail
_vBusiness Section 6 September 1995, 2-3(2)
520 _aWales is one of the most popular places in Britain to set up new businesses, but if it is to strengthen this position then the property market must appreciate more fully the changing needs of the business client.
650 _aBUSINESS CLIENT
650 _aCLIENT NEEDS
650 _aPROPERTY MARKET
650 _aWALES
690 _aPROPERTY-COMMERCIAL PROPERTY-COMMERCIAL PROPERTY MARKET
942 _n0
948 _c04/03/1997
999 _c37781
_d37781